Statistics for Bruce Willis Movies Quiz

Click here to take the quiz!

General Stats

  • This quiz has been taken 12,955 times
    (10,342 since last reset)
  • The average score is 8 of 14

Answer Stats

Description Movie % Correct
Off-duty cop must kill Euro-terrorists who have seized control of a skyscraperDie Hard
97%
Therapist must help a boy who sees dead peopleThe Sixth Sense
90%
Blue-collar oil drillers are the only people who can save Earth from a killer asteroidArmageddon
81%
Boxer angers a mob boss, but later frees that same mob boss from a sex dungeonPulp Fiction
65%
Despite their advanced age, retired spies still know how to banter and killRed
63%
In the future, it takes Earth, Air, Wind, Fire, and one other thing to defeat the Great EvilThe Fifth Element
55%
Regular man has a super power that makes him extra-durableUnbreakable
54%
Criminals of the future send people back in time for assassinationLooper
54%
Group of aging mercenaries defeat Somali pirates and blow up parts of a
Latin American island
The Expendables
53%
Man must travel back in time to uncover the cause of a deadly virusTwelve Monkeys
50%
Hilarious baby provides voice-over narrationLook Who's Talking
48%
Two vain women drink a potion that grants eternal life but doesn't prevent
comedic damage to their bodies
Death Becomes Her
29%
Cat burglar is forced to steal Da Vinci artworks in order to recreate an alchemy machineHudson Hawk
19%
In the future, everyone lives their lives through robotic avatarsSurrogates
18%

Score Distribution

Percentile by Number Answered

Percent of People with Each Score

Your Score History

You have not taken this quiz since the last reset